College Quizbowl Stats
College Quizbowl Stats
Circuits
Seasons
Sets
Records
Detailed Stats
About
Loading...
Florida
Tossups
Bonuses
Players
Teams
Categories (Tossup)
Categories (Bonus)
Corey Pope
Florida State A
Categories
Category
Powers
Gets
Negs
BBs
Points
Earliest Buzz
Avg. Buzz
First Buzzes
Top 3 Buzzes
BPA
PVF
Science - Biology
0
2
0
0
20
59
78.00
1
2
4.43
15.00
Science - Physics
0
2
0
0
20
52
68.50
0
1
7.40
7.50
Religion
0
1
0
1
10
114
114.00
0
0
0.00
2.50
Science - Other
0
1
1
0
5
82
82.00
1
1
2.04
10.00
Buzzes
Category
Answer
Value
Buzz Position
Science - Physics
compression
10
52
Science - Biology
platypuses
10
59
Science - Other
spiral galaxies
10
82
Science - Physics
electrons
10
85
Science - Biology
tuberculosis
10
97
Science - Other
variance
-5
101
Religion
fall
10
114
Previous
1
Next